000 00441nam a2200205Ia 4500
001 12069
003 GE_BSU
008 181216s||||||||xx |||||||||||||| ||und||
020 _a0552140392
040 _cGE_BSU
080 _a821.111-32
100 _aCookson,Catherine.
245 2 _aA Ruthless need
260 _aLondon
260 _bCorgi Books.
260 _c1995.
300 _a333p;18cm.
653 _aA Ruthless need
942 _cBK
999 _c45246
_d45246